Heinrich Heine´s sämtliche Werke (Record no. 6993)
[ view plain ]
| 000 -CABECERA | |
|---|---|
| campo de control de longitud fija | 00914nam a2200241 a 4500 |
| 001 - NÚMERO DE CONTROL | |
| campo de control | BRCA_7317 |
| 005 - FECHA Y HORA DE LA ÚLTIMA TRANSACCIÓN | |
| campo de control | 20190320205806.0 |
| 008 - DATOS DE LONGITUD FIJA--INFORMACIÓN GENERAL | |
| campo de control de longitud fija | 100712s1887----gw-#######---#000-0#ger-# |
| 041 ## - CÓDIGO DE LENGUA | |
| Código de lengua del texto/banda sonora o título independiente | ger |
| 044 ## - CÓDIGO DEL PAÍS DE LA ENTIDAD EDITORA/PRODUCTORA | |
| Código MARC del país | gw |
| 050 #4 - SIGNATURA TOPOGRÁFICA DE LA BIBLIOTECA DEL CONGRESO | |
| Número de clasificación | PT2642 |
| Número de documento/Ítem | .H45 1887 |
| 245 10 - MENCIÓN DE TÍTULO | |
| Título | Heinrich Heine´s sämtliche Werke |
| Resto del título | in vier Bänden |
| Mención de responsabilidad, etc. | herausgegeben von Otto F. Lachmann. |
| 260 ## - PUBLICACIÓN, DISTRIBUCIÓN, ETC. | |
| Lugar de publicación, distribución, etc. | Leipzig, Alemania |
| Nombre del editor, distribuidor, etc. | Philipp Reclam |
| Fecha de publicación, distribución, etc. | [1887] |
| 300 ## - DESCRIPCIÓN FÍSICA | |
| Extensión | 3 v. |
| Dimensiones | 17 cm. |
| 500 ## - NOTA GENERAL | |
| Nota general | La biblioteca cuenta con el v.2, v.3 y v.4 |
| 500 ## - NOTA GENERAL | |
| Nota general | N2 |
| 505 0# - NOTA DE CONTENIDO CON FORMATO | |
| Nota de contenido con formato | Contenido: v.2. Reisebilder. Shakespeare´s Mädchen und Frauen. Englische Fragmente. Tragödien. -- v.3. Deutschland. Ludwig Börne. Robellistiche Fragmente. Memoiren. -- v.4. Französische Zustände. Vermischte Schriften |
| 600 14 - PUNTO DE ACCESO ADICIONAL DE MATERIA--NOMBRE DE PERSONA | |
| Nombre de persona | Heine, Heinrich |
| Fechas asociadas al nombre | 1797-1856 |
| 9 (RLIN) | 18093 |
| 650 14 - PUNTO DE ACCESO ADICIONAL DE MATERIA--TÉRMINO DE MATERIA | |
| Término de materia o nombre geográfico como elemento de entrada | Literatura Alemana |
| 9 (RLIN) | 6160 |
| 700 1# - PUNTO DE ACCESO ADICIONAL--NOMBRE DE PERSONA | |
| Nombre de persona | Lachmann, Otto F. |
| 9 (RLIN) | 18094 |
| 902 ## - CATALOGADOR | |
| Iniciales | GFM |
| 942 ## - ELEMENTOS DE PUNTO DE ACCESO ADICIONAL (KOHA) | |
| Fuente del sistema de clasificación o colocación | Library of Congress Classification |
| Tipo de ítem Koha | Libros |
| Estado de retiro | Estado de pérdida | Estado dañado | No para préstamo | Localización permanente | Ubicación/localización actual | Fecha de adquisición | Número de inventario | Total de préstamos | Signatura topográfica completa | Código de barras | Fecha visto por última vez | Precio válido a partir de | Tipo de ítem Koha |
|---|---|---|---|---|---|---|---|---|---|---|---|---|---|
| El ejemplar forma parte de la colección y puede ser consultado según las políticas vigentes. | Biblioteca del Museo Franz Mayer (Rogerio Casas-Alatriste) | Biblioteca del Museo Franz Mayer (Rogerio Casas-Alatriste) | 10/07/2012 | N2 | PT2642 .H45 1887 (N2) | 7900 | 22/03/2019 | 22/03/2019 | Libros |